Recent research in developmental psychopathology

Saved in:
Bibliographic Details
Other Authors: Stevenson, J. E. (James Eric) 1947-
Format: Book
Language:English
Published: Oxford : Pergamon, 1985
Subjects:
Tags: Add Tag
No Tags, Be the first to tag this record!

MARC

LEADER 00000nam a2200000 i 4500
001 1/74468
008 960725s1985 eng d
020 |a 0-08-030828-7 
035 |a 1987  |c Αγορά  |l 10031819 
040 |a GR-MY-UA  |b gre  |e aacr 
041 0 |a eng 
082 0 |a 618.9289 
245 1 0 |a Recent research in developmental psychopathology /  |c edited by J. E. Stevenson 
260 |a Oxford :   |b Pergamon,   |c 1985 
300 |a 249 p. 
500 |a A selection of papers presented at the 10th International Congress of the International Association for Child and Adolescent Psychiatry and Allied Professions, held in Dublin in July 1982 
650 0 0 |a Child psychopathology  |x Research  |x Congresses. 
650 0 0 |a Child psychiatry  |x Congresses. 
650 0 0 |a Child psychotherapy  |x Research  |x Congresses. 
650 0 0 |a Parenting. 
700 1 |a Stevenson, J. E.  |q (James Eric)  |d 1947- 
852 |a INST  |b RHODES  |e 19960725  |h 618.9289 REC  |p 005400001359  |q 005400001359  |t BK  |y 0 
909 |a Ρ  |b 007979  |c 1987